Arquitectura, cultura, patrimonio / (Registro nro. 4142)

Detalles MARC
000 -LEADER
fixed length control field 01004nam a2200253Ia 4500
003 - CONTROL NUMBER IDENTIFIER
control field OSt
005 - DATE AND TIME OF LATEST TRANSACTION
control field 20210212123156.0
008 - FIXED-LENGTH DATA ELEMENTS--GENERAL INFORMATION
fixed length control field 191128t2017 ck ao gr 000 0 spa d
020 ## - INTERNATIONAL STANDARD BOOK NUMBER
International Standard Book Number 9789586643603
040 ## - CATALOGING SOURCE
Original cataloging agency CO-JMCR
Transcribing agency CO-JMCR
041 0# - LANGUAGE CODE
Language code of text/sound track or separate title spa
082 04 - DEWEY DECIMAL CLASSIFICATION NUMBER
Classification number 720.986 /
Item number B213a
Edition number 23
110 1# - MAIN ENTRY--CORPORATE NAME
Corporate name or jurisdiction name as entry element Colombia.
Subordinate unit Banco de la República
9 (RLIN) 4817
245 10 - TITLE STATEMENT
Title Arquitectura, cultura, patrimonio /
Statement of responsibility, etc. Banco de la Republica ; fotografías por Antonio Castañeda Buraglia y Óscar Monsalve
260 ## - PUBLICATION, DISTRIBUTION, ETC.
Place of publication, distribution, etc. Bogotá :
Name of publisher, distributor, etc. Banco de la República,
Date of publication, distribution, etc. ©2017
300 ## - PHYSICAL DESCRIPTION
Extent 192 Páginas :
Other physical details ilustraciones y fotografías a color ;
Dimensions 24 cm.
505 0# - FORMATTED CONTENTS NOTE
Formatted contents note Patrimonio arquitectónico -- Arquitectura para la banca central -- Arquitectura para la cultura
546 ## - LANGUAGE NOTE
Language note spa
610 2# - SUBJECT ADDED ENTRY--CORPORATE NAME
Corporate name or jurisdiction name as entry element Banco de la República
General subdivision arquitectura
9 (RLIN) 13385
610 2# - SUBJECT ADDED ENTRY--CORPORATE NAME
Corporate name or jurisdiction name as entry element Banco de la República
General subdivision historia
9 (RLIN) 13386
700 1# - ADDED ENTRY--PERSONAL NAME
Personal name Castañeda Buraglia, Antonio,
Relator term fotógrafo
9 (RLIN) 1110
700 1# - ADDED ENTRY--PERSONAL NAME
Personal name Monsalve, Óscar,
Relator term fotógrafo
9 (RLIN) 13387
942 ## - ADDED ENTRY ELEMENTS (KOHA)
Source of classification or shelving scheme Dewey Decimal Classification
Koha item type Books
Existencias
Withdrawn status Lost status Source of classification or shelving scheme Damaged status Not for loan Collection code Home library Current library Date acquired Source of acquisition Total Checkouts Full call number Barcode Date last seen Date last checked out Copy number Koha item type Price effective from
    Dewey Decimal Classification     Non-fiction Biblioteca Pública José María del Castillo y Rada Biblioteca Pública José María del Castillo y Rada 12/01/2017 Donación 1 720.986 / B213a 201808963 05/16/2024 09/06/2023 Ej.2 Books  
    Dewey Decimal Classification     Non-fiction Biblioteca Pública José María del Castillo y Rada Biblioteca Pública José María del Castillo y Rada 12/01/2017 Donación 4 720.986 / B213a 201808976 10/21/2024 10/15/2024 Ej.1 Books 02/12/2021